00854nam a2200217 a 4500001001000000003000500010005001700015008004100032010001100073011001100084040000900095100002700104245015500131260004100286500006000327502009700387650002700484650001900511650003600530856007000566000108787CHAP20220329144025.0140312s2012 mx sm |||||||spa d a105249 a106221 cCHAP1 aOrtíz Méndez, Irma10aMorfometría radical y crecimiento de cupressus sempervirens l. y sus respuestas al ácido indolbutíricoh[En línea]cpor Irma Ortíz Méndez. aChapingo, Méx. :bEl autor,c2012. aPara ver el contenido del material haga clic en la liga aTesis (Ing. Agr. Esp. en Restauración Forestal) -- UACH. División de Ciencias Forestales14aCiprésxCrecimiento.14aEnraizamiento.14aPlantasxCrecimientoxAditivos. aFinding aiduhttp://10.13.5.2/tesis/sist108787.pdfzTeclea aquí